[Event "Central London Major"]
[Site "London"]
[Date "2022.11.06"]
[Round "4.4"]
[White "Virgin, Jack"]
[Black "Cooper, Malcolm H"]
[Result "1/2-1/2"]
[WhiteElo "1849"]
[BlackElo "1783"]
[PlyCount "91"]
[EventDate "2022.11.04"]
[EventType "swiss"]
[EventRounds "5"]
[EventCountry "ENG"]
[SourceTitle "BritBase"]
[Source "John Saunders"]
[SourceDate "2023.06.01"]
[SourceVersion "1"]
[SourceVersionDate "2023.06.01"]
[SourceQuality "1"]

1. e4 c5 2. Nf3 Nc6 3. d4 cxd4 4. Nxd4 Nf6 5. Nc3 e5 6. Ndb5 d6 7. Bg5 a6 8.
Na3 b5 9. Nd5 Be7 10. Bxf6 Bxf6 11. c3 Rb8 12. Nc2 Bg5 13. Be2 O-O 14. Nce3 Ne7
15. Nxe7+ Qxe7 16. Nd5 Qb7 17. h4 Bh6 18. g4 f6 19. a4 bxa4 20. Rxa4 Qxb2 21.
Bc4 Kh8 22. O-O Be6 23. Ra2 Qb7 24. Rxa6 Bxd5 25. Qxd5 Qxd5 26. Bxd5 Bd2 27.
Rc6 Rfc8 28. Rxc8+ Rxc8 29. c4 Bb4 30. Rb1 Rb8 31. Kg2 g6 32. Kg3 Kg7 33. Ra1
Bc5 34. Ra6 h6 35. Rc6 Rb7 36. f3 Ra7 37. Rc8 Be3 38. Kg2 Ra2+ 39. Kf1 Rf2+ 40.
Ke1 Rxf3 41. Rg8+ Kh7 42. Rf8 Rf4 43. Rf7+ Kh8 44. Rf8+ Kg7 45. Rf7+ Kh8 46.
Rf8+ 1/2-1/2

[Event "Central London Major"]
[Site "London"]
[Date "2022.11.06"]
[Round "4.5"]
[White "Llewellyn, Julian D"]
[Black "Jacob, Sydney J"]
[Result "1-0"]
[WhiteElo "1645"]
[BlackElo "1795"]
[PlyCount "64"]
[EventDate "2022.11.04"]
[EventType "swiss"]
[EventRounds "5"]
[EventCountry "ENG"]
[SourceTitle "BritBase"]
[Source "John Saunders"]
[SourceDate "2023.06.01"]
[SourceVersion "1"]
[SourceVersionDate "2023.06.01"]
[SourceQuality "1"]

1. e4 c5 2. Nf3 e6 3. d4 cxd4 4. Nxd4 a6 5. Nc3 d6 6. Be2 Nf6 7. Be3 Be7 8. O-O
O-O 9. f4 Qc7 10. Qe1 b5 11. a3 Bb7 12. Bf3 Nc6 13. Qg3 Rfe8 14. Nxc6 Bxc6 15.
e5 Nd7 16. Bxc6 Qxc6 17. Rfd1 dxe5 18. fxe5 Bc5 19. Bxc5 Nxc5 20. Rac1 Qc7 21.
h4 Nb7 22. Rd3 Rf8 23. Kh1 f5 24. exf6 Qxg3 25. Rxg3 Rf7 26. Rf1 Kh8 27. Ne2 h6
28. Rf4 Rd8 29. fxg7+ Rxg7 30. Rxg7 Kxg7 31. c4 Nd6 32. Ng3 Rf8 {The rest of
the scoresheet is illegible. The game lasted 46 moves and ended with a result
of 1-0.} 1-0

[Event "Central London Major"]
[Site "London"]
[Date "2022.11.06"]
[Round "4.6"]
[White "Ward-Riggs, Samuel"]
[Black "McKerracher, Douglas"]
[Result "1/2-1/2"]
[WhiteElo "1552"]
[BlackElo "1784"]
[PlyCount "91"]
[EventDate "2022.11.04"]
[EventType "swiss"]
[EventRounds "5"]
[EventCountry "ENG"]
[SourceTitle "BritBase"]
[Source "John Saunders"]
[SourceDate "2023.06.01"]
[SourceVersion "1"]
[SourceVersionDate "2023.06.01"]
[SourceQuality "1"]

1. e4 d5 2. exd5 Qxd5 3. Nc3 Qa5 4. d4 Nf6 5. Nf3 Bf5 6. Ne5 c6 7. g4 Bg6 8. h4
Nbd7 9. Nxd7 Nxd7 10. h5 Be4 11. f3 Bd5 12. Bd2 Qc7 13. Rh3 e6 14. Nxd5 cxd5
15. Bd3 Bd6 16. Qe2 Bg3+ 17. Kd1 Bf4 18. c3 O-O 19. Bxf4 Qxf4 20. Qd2 Qxd2+ 21.
Kxd2 a6 22. Rg1 Rac8 23. g5 Rc7 24. g6 fxg6 25. hxg6 h6 26. Ke3 e5 27. Rg2
exd4+ 28. cxd4 Rf6 29. Rc2 Rxc2 30. Bxc2 Nb6 31. Bd3 Nc4+ 32. Bxc4 dxc4 33. Rg3
Kf8 34. Ke4 Ke7 35. d5 Kd6 36. f4 b5 37. f5 b4 38. Rf3 a5 39. Re3 Rf8 40. Kd4
Rxf5 41. Re6+ Kd7 42. Kxc4 h5 43. Kc5 h4 44. Rd6+ Kc7 45. Rc6+ Kd7 46. Rd6+
1/2-1/2

[Event "Central London Major"]
[Site "London"]
[Date "2022.11.06"]
[Round "4.7"]
[White "Boudkeev, Timour"]
[Black "Ranasinghe, Kasun Anuranga"]
[Result "0-1"]
[WhiteElo "1839"]
[BlackElo "1435"]
[PlyCount "60"]
[EventDate "2022.11.04"]
[EventType "swiss"]
[EventRounds "5"]
[EventCountry "ENG"]
[SourceTitle "BritBase"]
[Source "John Saunders"]
[SourceDate "2023.06.01"]
[SourceVersion "1"]
[SourceVersionDate "2023.06.01"]
[SourceQuality "1"]

1. d4 Nf6 2. c4 c5 3. e3 cxd4 4. exd4 d5 5. Nc3 Nc6 6. Nf3 Bg4 7. cxd5 Nxd5 8.
Be2 e6 9. O-O Bb4 10. Ne5 Nxc3 11. bxc3 Bxe2 12. Qxe2 Bxc3 13. Qf3 Nxe5 14.
Qxc3 Ng6 15. Ba3 f6 16. Qb3 Qd5 17. Qc3 Nf4 18. Qf3 Qxf3 19. gxf3 Kd7 20. Bc1
Ne2+ 21. Kg2 Nxc1 22. Raxc1 Rac8 23. Rb1 b6 24. Rb2 Rc4 25. Rd1 Rhc8 26. Rdd2
Ra4 27. Rb5 g6 28. d5 e5 29. d6 Rcc4 30. Rbd5 Rd4 0-1

[Event "Central London Major"]
[Site "London"]
[Date "2022.11.06"]
[Round "4.10"]
[White "Baroukh, Leon"]
[Black "Hutchence, Gregg SH"]
[Result "0-1"]
[WhiteElo "1695"]
[BlackElo "1369"]
[PlyCount "116"]
[EventDate "2022.11.04"]
[EventType "swiss"]
[EventRounds "5"]
[EventCountry "ENG"]
[SourceTitle "BritBase"]
[Source "John Saunders"]
[SourceDate "2023.06.01"]
[SourceVersion "1"]
[SourceVersionDate "2023.06.01"]
[SourceQuality "1"]

1. c4 Nf6 2. d4 g6 3. Nc3 Bg7 4. e4 d6 5. Bd3 O-O 6. Nge2 e5 7. d5 c6 8. O-O
cxd5 9. cxd5 Nbd7 10. Be3 Ng4 11. Qd2 Nxe3 12. Qxe3 Nc5 13. Bc2 f5 14. f3 f4
15. Qf2 g5 16. b4 Nd7 17. Nb5 Nf6 18. Nxa7 Bd7 19. b5 g4 20. a4 gxf3 21. gxf3
Bh3 22. Rfc1 Nh5 23. b6 Bf6 24. Kh1 Bh4 25. Rg1+ Kh8 26. Ng3 fxg3 27. hxg3 Be7
28. Qh2 Qd7 29. a5 Rxf3 30. Bd1 Qg4 31. Ra3 Raf8 32. Qe2 Rxa3 33. Qxg4 Bxg4 34.
Bxg4 Nxg3+ 35. Kh2 Nxe4 36. Nc8 Rf2+ 37. Rg2 Rxg2+ 38. Kxg2 Bf8 39. Bf5 Nc5 40.
Bg4 Rxa5 41. Kg3 Ne4+ 42. Kh4 Kg7 43. Kh5 Nf6+ 44. Kg5 Nxg4 45. Kxg4 Kg6 46.
Kf3 h5 47. Ke4 Ra4+ 48. Kf3 Kf5 49. Na7 Ra3+ 50. Kf2 Rb3 51. Nc8 h4 52. Kg2 e4
53. Kf2 h3 54. Kg1 Rb2 55. Kh1 e3 56. Kg1 Kf4 57. Kh1 Kg3 58. Nxd6 Rb1# 0-1

[Event "Central London Major"]
[Site "London"]
[Date "2022.11.06"]
[Round "4.12"]
[White "Chiang, Richard"]
[Black "Lazarevic, Ljubica"]
[Result "1-0"]
[WhiteElo "1613"]
[BlackElo "1477"]
[PlyCount "95"]
[EventDate "2022.11.04"]
[EventType "swiss"]
[EventRounds "5"]
[EventCountry "ENG"]
[SourceTitle "BritBase"]
[Source "John Saunders"]
[SourceDate "2023.06.01"]
[SourceVersion "1"]
[SourceVersionDate "2023.06.01"]
[SourceQuality "1"]

1. c4 c6 2. d4 d5 3. Nf3 Bf5 4. g3 Nd7 5. Bg2 e6 6. O-O Bxb1 7. Rxb1 dxc4 8.
Nd2 b5 9. Bxc6 Rb8 10. Qc2 Ngf6 11. Ne4 Be7 12. Bf4 Rb6 13. Nxf6+ Bxf6 14. d5
exd5 15. Bxd5 O-O 16. Rfd1 Qc8 17. Be4 g6 18. Be3 Ra6 19. a3 Nc5 20. Bg2 Nb3
21. Rd5 Qb8 22. Rbd1 Re6 23. Bf4 Qe8 24. e3 Kg7 25. Bh3 a6 26. Bxe6 fxe6 27.
Rd7+ Rf7 28. Rxf7+ Kxf7 29. Bd6 Qc6 30. Qe2 Be7 31. Bxe7 Kxe7 32. f3 Qc5 33.
Kg2 a5 34. Kf2 a4 35. Qe1 Qe5 36. Qc3 Qxc3 37. bxc3 Nc5 38. Ke2 Nb3 39. e4 Nc5
40. Ke3 Nb3 41. e5 Nc5 42. f4 h6 43. Rd6 Nd3 44. Rb6 Ne1 45. Rxb5 Nc2+ 46. Kd2
Nxa3 47. Ra5 Nb1+ 48. Kc2 1-0

[Event "Central London Major"]
[Site "London"]
[Date "2022.11.06"]
[Round "4.13"]
[White "Boozorginia, Zoya"]
[Black "Ortolani, Paolo"]
[Result "0-1"]
[WhiteElo "1343"]
[BlackElo "1531"]
[PlyCount "77"]
[EventDate "2022.11.04"]
[EventType "swiss"]
[EventRounds "5"]
[EventCountry "ENG"]
[SourceTitle "BritBase"]
[Source "John Saunders"]
[SourceDate "2023.06.01"]
[SourceVersion "1"]
[SourceVersionDate "2023.06.01"]
[SourceQuality "1"]

1. d4 d5 2. c4 c6 3. Nc3 Nf6 4. Nf3 e6 5. Bg5 Nbd7 6. cxd5 exd5 7. Ne5 Be7 8.
e4 Nxe5 9. Bxf6 Bxf6 10. dxe5 Bxe5 11. exd5 Bxc3+ 12. bxc3 Qxd5 13. Qxd5 cxd5
14. Bb5+ Bd7 15. Bxd7+ Kxd7 16. O-O-O Kc6 17. Rhe1 Rhe8 18. Re3 Rxe3 19. fxe3
Re8 20. Kd2 Re4 21. Kd3 b5 22. Rf1 f6 23. g3 b4 24. cxb4 Rxb4 25. h4 Rb2 26. a4
Rb3+ 27. Ke2 Rb4 28. Rc1+ Rc4 29. Rxc4+ dxc4 30. Kd2 h5 31. Kc3 Kc5 32. a5 a6
33. e4 g6 34. Kc2 Kb4 35. Kb2 Kxa5 36. Kc3 Kb5 37. Kb2 Kb4 38. Kc2 a5 39. Kb2
0-1

[Event "Central London Major"]
[Site "London"]
[Date "2022.11.06"]
[Round "4.14"]
[White "Pristin, Michael"]
[Black "Ibanez, Bittor"]
[Result "1-0"]
[WhiteElo "1486"]
[BlackElo "1065"]
[PlyCount "57"]
[EventDate "2022.11.04"]
[EventType "swiss"]
[EventRounds "5"]
[EventCountry "ENG"]
[SourceTitle "BritBase"]
[Source "John Saunders"]
[SourceDate "2023.06.01"]
[SourceVersion "1"]
[SourceVersionDate "2023.06.01"]
[SourceQuality "1"]

1. e4 c5 2. Nf3 Nc6 3. Nc3 a6 4. d4 cxd4 5. Nxd4 e6 6. a3 Nf6 7. Be2 Be7 8. Be3
d6 9. Qd2 O-O 10. O-O-O Bd7 11. h4 b5 12. g4 b4 13. axb4 Nxb4 14. g5 Ne8 15. h5
Qa5 16. Nb3 Na2+ 17. Nxa2 Qxa2 18. g6 Ba4 19. gxh7+ Kh8 20. h6 Bf6 21. hxg7+
Nxg7 22. Bd4 e5 23. Qh6 Bxb3 24. Qxf6 exd4 25. Rdg1 Qa1+ 26. Kd2 Qa5+ 27. c3
dxc3+ 28. bxc3 Qa2+ 29. Ke3 1-0

[Event "Central London Major"]
[Site "London"]
[Date "2022.11.06"]
[Round "4.15"]
[White "Farahmandpour, Ehsan"]
[Black "Slegg, Gary"]
[Result "1-0"]
[WhiteElo "1427"]
[BlackElo "1747"]
[PlyCount "99"]
[EventDate "2022.11.04"]
[EventType "swiss"]
[EventRounds "5"]
[EventCountry "ENG"]
[SourceTitle "BritBase"]
[Source "John Saunders"]
[SourceDate "2023.06.01"]
[SourceVersion "1"]
[SourceVersionDate "2023.06.01"]
[SourceQuality "1"]

1. d4 Nf6 2. Bf4 e6 3. e3 c5 4. c3 Nc6 5. Nd2 d5 6. Bd3 c4 7. Bc2 Be7 8. h3 b5
9. Ngf3 b4 10. O-O h6 11. cxb4 Bxb4 12. a3 Bd6 13. Ne5 Qc7 14. Nxc6 Bxf4 15.
exf4 Qxf4 16. Nf3 g5 17. Nfe5 g4 18. hxg4 h5 19. Qc1 Qxc1 20. Raxc1 hxg4 21. g3
Ba6 22. Ba4 Kf8 23. Rfe1 Kg7 24. Kg2 Rhc8 25. Nb4 Bb7 26. Bc6 Rc7 27. Re3 a5
28. Bxb7 Rxb7 29. Na2 Rxb2 30. Nc3 Rab8 31. a4 Rd2 32. Re2 Rbb2 33. Rxd2 Rxd2
34. Nc6 Ne4 35. Nxe4 dxe4 36. Rc3 Rd3 37. Rxc4 e3 38. fxe3 Rxe3 39. Nxa5 Re2+
40. Kg1 Rb2 41. Nc6 Rb1+ 42. Kf2 Rb2+ 43. Ke3 Rb3+ 44. Kf4 f5 45. Ne5 Rb1 46.
Kg5 Rg1 47. Rc7+ Kf8 48. Kf6 Kg8 49. Ng6 Rxg3 50. Rg7# 1-0

[Event "Central London Major"]
[Site "London"]
[Date "2022.11.06"]
[Round "5.1"]
[White "Hall, Antony C"]
[Black "Finnegan, Oliver"]
[Result "1-0"]
[WhiteElo "1794"]
[BlackElo "1696"]
[PlyCount "53"]
[EventDate "2022.11.04"]
[EventType "swiss"]
[EventRounds "5"]
[EventCountry "ENG"]
[SourceTitle "BritBase"]
[Source "John Saunders"]
[SourceDate "2023.06.01"]
[SourceVersion "1"]
[SourceVersionDate "2023.06.01"]
[SourceQuality "1"]

1. e4 e6 2. d4 d5 3. Nd2 dxe4 4. Nxe4 Nd7 5. c3 Ngf6 6. Bd3 c5 7. Nf3 cxd4 8.
Nxd4 Nxe4 9. Bxe4 Bc5 10. O-O O-O 11. Be3 Qh4 12. Bc2 b6 13. Nf3 Qh5 14. Be4
Rb8 15. Bf4 e5 16. Nxe5 Qxd1 17. Rfxd1 Nxe5 18. Bxe5 Bg4 19. Bxb8 Bxd1 20. Bxa7
Bg4 21. b4 Bd6 22. Bxb6 Re8 23. f3 Be6 24. a4 f5 25. Bc6 Rc8 26. b5 Be5 27. Re1
1-0

[Event "Central London Major"]
[Site "London"]
[Date "2022.11.06"]
[Round "5.3"]
[White "McKerracher, Douglas"]
[Black "Llewellyn, Julian D"]
[Result "1-0"]
[WhiteElo "1784"]
[BlackElo "1645"]
[PlyCount "105"]
[EventDate "2022.11.04"]
[EventType "swiss"]
[EventRounds "5"]
[EventCountry "ENG"]
[SourceTitle "BritBase"]
[Source "John Saunders"]
[SourceDate "2023.06.01"]
[SourceVersion "1"]
[SourceVersionDate "2023.06.01"]
[SourceQuality "1"]

1. e4 c6 2. d3 d5 3. Nd2 e5 4. Ngf3 Bd6 5. g3 Nf6 6. Bg2 O-O 7. O-O Re8 8. Re1
dxe4 9. Nxe4 Nxe4 10. dxe4 Bg4 11. h3 Bxf3 12. Qxf3 Qe7 13. Be3 Na6 14. Bf1 Bc5
15. c3 h6 16. Kg2 Bxe3 17. Qxe3 Nc5 18. Rad1 a5 19. Rd2 Red8 20. Red1 Rxd2 21.
Rxd2 b5 22. Be2 a4 23. a3 Nb3 24. Rd1 Rd8 25. Rxd8+ Qxd8 26. Qd3 Qxd3 27. Bxd3
Nc5 28. Bc2 Kf8 29. Kf3 Ke7 30. Ke3 Kd6 31. f4 f6 32. f5 Nd7 33. c4 Nb6 34.
cxb5 Kc5 35. bxc6 Kxc6 36. Kd3 Kc5 37. Kc3 Kb5 38. Bd3+ Kc5 39. Ba6 Nd7 40. Bc8
Nb6 41. Be6 Na8 42. b4+ axb3 43. Bxb3 Nc7 44. Bc4 Ne8 45. a4 Nd6 46. Bd3 Nf7
47. h4 Nd8 48. a5 Nc6 49. a6 Kb6 50. Bf1 Nd4 51. Kc4 Kxa6 52. Kc5+ Kb7 53. Kd6
1-0

[Event "Central London Major"]
[Site "London"]
[Date "2022.11.06"]
[Round "5.4"]
[White "Ranasinghe, Kasun Anuranga"]
[Black "Virgin, Jack"]
[Result "1-0"]
[WhiteElo "1435"]
[BlackElo "1849"]
[PlyCount "32"]
[EventDate "2022.11.04"]
[EventType "swiss"]
[EventRounds "5"]
[EventCountry "ENG"]
[SourceTitle "BritBase"]
[Source "John Saunders"]
[SourceDate "2023.06.01"]
[SourceVersion "1"]
[SourceVersionDate "2023.06.01"]
[SourceQuality "1"]

1. Nf3 d5 2. c4 d4 3. b4 e6 4. Bb2 c5 5. bxc5 Bxc5 6. g3 Qb6 7. Qb3 Nc6 8. Qxb6
Bxb6 9. Bg2 Nf6 10. d3 Ba5+ 11. Nbd2 e5 12. O-O Rb8 13. Nb3 Bc7 14. Ba3 a5 15.
Nfd2 a4 16. Nc5 b6 1-0

[Event "Central London Major"]
[Site "London"]
[Date "2022.11.06"]
[Round "5.5"]
[White "Cooper, Malcolm H"]
[Black "Jefremov, Aivar"]
[Result "1/2-1/2"]
[WhiteElo "1783"]
[BlackElo "1636"]
[PlyCount "103"]
[EventDate "2022.11.04"]
[EventType "swiss"]
[EventRounds "5"]
[EventCountry "ENG"]
[SourceTitle "BritBase"]
[Source "John Saunders"]
[SourceDate "2023.06.01"]
[SourceVersion "1"]
[SourceVersionDate "2023.06.01"]
[SourceQuality "1"]

1. d4 e6 2. c4 Nf6 3. Nc3 Bb4 4. e3 O-O 5. Bd3 b6 6. Nge2 Bb7 7. O-O c5 8. a3
Ba5 9. Rb1 Bxc3 10. Nxc3 d5 11. Re1 Nc6 12. cxd5 exd5 13. dxc5 bxc5 14. b3 Ne5
15. Bf1 Nfg4 16. f3 Qh4 17. fxg4 Nxg4 18. h3 Qf2+ 19. Kh1 f5 20. hxg4 Qh4+ 21.
Kg1 fxg4 22. Ne2 Qf2+ 23. Kh2 Rf3 24. Ng1 Qg3+ 25. Kh1 Rf5 26. e4 Rh5+ 27. Nh3
Rf8 28. Re3 Qf2 29. Qxg4 Qxf1+ 30. Kh2 d4 31. Rg3 Qf7 32. Rf3 Qe8 33. Rxf8+
Kxf8 34. Bd2 Qe5+ 35. Bf4 Qxe4 36. Bd6+ Kg8 37. Qxe4 Bxe4 38. Re1 Bc2 39. Re8+
Kf7 40. Rc8 d3 41. Rxc5 Rxh3+ 42. gxh3 d2 43. Rd5 d1=Q 44. Rxd1 Bxd1 45. b4 Ba4
46. Kg3 g5 47. h4 Kg6 48. hxg5 Kxg5 49. Bb8 a6 50. Bc7 Bc6 51. Bd6 h5 52. Be7+
1/2-1/2

[Event "Central London Major"]
[Site "London"]
[Date "2022.11.06"]
[Round "5.6"]
[White "Hutchence, Gregg SH"]
[Black "McAleenan, Charles"]
[Result "0-1"]
[WhiteElo "1369"]
[BlackElo "1760"]
[PlyCount "98"]
[EventDate "2022.11.04"]
[EventType "swiss"]
[EventRounds "5"]
[EventCountry "ENG"]
[SourceTitle "BritBase"]
[Source "John Saunders"]
[SourceDate "2023.06.01"]
[SourceVersion "1"]
[SourceVersionDate "2023.06.01"]
[SourceQuality "1"]

1. c4 d6 2. d4 e5 3. dxe5 dxe5 4. Qxd8+ Kxd8 5. a3 Be6 6. e4 Nd7 7. Nf3 f6 8.
Be2 g5 9. h3 Be7 10. Nc3 c6 11. O-O h5 12. Nh2 Bc5 13. Bd2 Ne7 14. Na4 Bd4 15.
Rab1 Ng6 16. Rfc1 Nf4 17. Bf1 g4 18. h4 g3 19. Nf3 Bxf2+ 20. Kh1 Nb6 21. Ba5
Ke7 22. Bb4+ Kf7 23. Nc5 a5 24. Nxe6 Nxe6 25. Be1 Nc5 26. Bxf2 gxf2 27. Nd2 a4
28. Be2 Rad8 29. b4 Rxd2 30. bxc5 Rxe2 31. cxb6 Rd8 32. Rf1 Rd4 33. g3 Rdxe4
34. Kg2 Rxc4 35. Rxf2 Rxf2+ 36. Kxf2 Rc2+ 37. Kf3 Rc3+ 38. Ke4 Rxa3 39. g4 hxg4
40. Rh1 Kg6 41. h5+ Kh6 42. Kf5 Rf3+ 43. Kxg4 Rf4+ 44. Kg3 a3 45. Rd1 Kxh5 46.
Rh1+ Kg6 47. Rh8 Ra4 48. Rb8 a2 49. Rxb7 a1=Q 0-1

[Event "Central London Major"]
[Site "London"]
[Date "2022.11.06"]
[Round "5.7"]
[White "McDonnell, James J"]
[Black "Ward-Riggs, Samuel"]
[Result "1-0"]
[WhiteElo "1755"]
[BlackElo "1552"]
[PlyCount "47"]
[EventDate "2022.11.04"]
[EventType "swiss"]
[EventRounds "5"]
[EventCountry "ENG"]
[SourceTitle "BritBase"]
[Source "John Saunders"]
[SourceDate "2023.06.01"]
[SourceVersion "1"]
[SourceVersionDate "2023.06.01"]
[SourceQuality "1"]

1. e4 e6 2. d4 d5 3. Nd2 Be7 4. Ngf3 Nf6 5. e5 Nfd7 6. c3 c5 7. Bd3 b6 8. O-O
Ba6 9. Bxa6 Nxa6 10. Qe2 Nc7 11. Re1 O-O 12. Nf1 cxd4 13. cxd4 f6 14. exf6 Bxf6
15. Bf4 Re8 16. Rac1 Rc8 17. Ng3 Nf8 18. Nh5 Na8 19. Rxc8 Qxc8 20. Rc1 Qd7 21.
Ne5 Bxe5 22. Bxe5 Re7 23. Bxg7 Rxg7 24. Nf6+ 1-0

[Event "Central London Major"]
[Site "London"]
[Date "2022.11.06"]
[Round "5.8"]
[White "Ortolani, Paolo"]
[Black "Moni, Claudio"]
[Result "1-0"]
[WhiteElo "1531"]
[BlackElo "1580"]
[PlyCount "41"]
[EventDate "2022.11.04"]
[EventType "swiss"]
[EventRounds "5"]
[EventCountry "ENG"]
[SourceTitle "BritBase"]
[Source "John Saunders"]
[SourceDate "2023.06.01"]
[SourceVersion "1"]
[SourceVersionDate "2023.06.01"]
[SourceQuality "1"]

1. e4 d5 2. exd5 Qxd5 3. Nc3 Qa5 4. d4 Nf6 5. Bd3 Bg4 6. f3 Bf5 7. Nge2 e6 8.
O-O Nbd7 9. Ne4 O-O-O 10. a3 Qb6 11. c4 Bxe4 12. fxe4 e5 13. b4 exd4 14. c5 Qe6
15. Qa4 Nb8 16. Ng3 a6 17. Bf4 h6 18. e5 Nfd7 19. Rac1 g5 20. Bd2 Nxe5 21. Bf5
1-0

[Event "Central London Major"]
[Site "London"]
[Date "2022.11.06"]
[Round "5.9"]
[White "Jacob, Sydney J"]
[Black "Pristin, Michael"]
[Result "1-0"]
[WhiteElo "1795"]
[BlackElo "1486"]
[PlyCount "61"]
[EventDate "2022.11.04"]
[EventType "swiss"]
[EventRounds "5"]
[EventCountry "ENG"]
[SourceTitle "BritBase"]
[Source "John Saunders"]
[SourceDate "2023.06.01"]
[SourceVersion "1"]
[SourceVersionDate "2023.06.01"]
[SourceQuality "1"]

1. e4 c5 2. Nf3 d6 3. Bb5+ Nc6 4. O-O g6 5. c3 Bd7 6. d4 cxd4 7. cxd4 Bg7 8.
Nc3 Nf6 9. h3 O-O 10. Be3 a6 11. Be2 Qc7 12. Rc1 Rac8 13. Qd2 Qb8 14. Rfd1 Rfd8
15. d5 Ne5 16. Nxe5 dxe5 17. Bb6 Re8 18. Rf1 h5 19. f3 Kh7 20. Be3 Qd6 21. f4
exf4 22. Bxf4 Qb6+ 23. Be3 Qd6 24. Bf4 Qb6+ 25. Kh1 e5 26. Bg5 Qd4 27. Qc2 Qb6
28. Qd3 Bb5 29. Nxb5 Qxb5 30. Qxb5 axb5 31. Rxc8 1-0

[Event "Central London Major"]
[Site "London"]
[Date "2022.11.06"]
[Round "5.11"]
[White "Farahmandpour, Ehsan"]
[Black "Boudkeev, Timour"]
[Result "1/2-1/2"]
[WhiteElo "1427"]
[BlackElo "1839"]
[PlyCount "71"]
[EventDate "2022.11.04"]
[EventType "swiss"]
[EventRounds "5"]
[EventCountry "ENG"]
[SourceTitle "BritBase"]
[Source "John Saunders"]
[SourceDate "2023.06.01"]
[SourceVersion "1"]
[SourceVersionDate "2023.06.01"]
[SourceQuality "1"]

1. d4 Nf6 2. Bf4 e6 3. e3 d5 4. Nd2 c5 5. c3 Nc6 6. Bd3 c4 7. Bc2 b5 8. a3 a5
9. Ngf3 Nh5 10. Bg5 Be7 11. Bxe7 Nxe7 12. e4 Nf4 13. O-O O-O 14. e5 Bb7 15.
Bxh7+ Kxh7 16. Ng5+ Kg6 17. Qg4 Ne2+ 18. Kh1 f5 19. exf6 Kxf6 20. Ndf3 Bc8 21.
Nh7+ Kf7 22. Ne5+ Kg8 23. Nxf8 Nxd4 24. Qxd4 Qxf8 25. g4 Bb7 26. f4 Nc6 27.
Nxc6 Bxc6 28. Rae1 Re8 29. Re5 Qf6 30. Rh5 e5 31. Rxe5 Rxe5 32. Qxe5 d4+ 33.
Kg1 Qg6 34. Qf5 Qe8 35. Qe5 Qg6 36. Qf5 1/2-1/2

[Event "Central London Major"]
[Site "London"]
[Date "2022.11.06"]
[Round "5.14"]
[White "Lazarevic, Ljubica"]
[Black "Demelo, Caitano"]
[Result "1-0"]
[WhiteElo "1477"]
[BlackElo "1229"]
[PlyCount "69"]
[EventDate "2022.11.04"]
[EventType "swiss"]
[EventRounds "5"]
[EventCountry "ENG"]
[SourceTitle "BritBase"]
[Source "John Saunders"]
[SourceDate "2023.06.01"]
[SourceVersion "1"]
[SourceVersionDate "2023.06.01"]
[SourceQuality "1"]

1. e4 e6 2. d4 d5 3. exd5 exd5 4. Bd3 Nf6 5. Bg5 h6 6. Bh4 Be7 7. Nf3 Bg4 8.
Nbd2 Nc6 9. c3 O-O 10. O-O Re8 11. Qc2 Qd6 12. h3 Bh5 13. g4 Nxg4 14. Bxe7 Rxe7
15. hxg4 Bxg4 16. Bf5 Qf4 17. Bxg4 Qxg4+ 18. Kh1 Qh3+ 19. Nh2 Re2 20. Qd1 Rae8
21. Ndf3 R8e6 22. Ng1 Qh4 23. Nxe2 Qh3 24. Nf4 Qh4 25. Nxe6 fxe6 26. Qg4 Qf6
27. Rae1 Nd8 28. f4 Kf7 29. f5 Qg5 30. fxe6+ Kg8 31. Qxg5 hxg5 32. e7 Nf7 33.
Rxf7 Kxf7 34. e8=Q+ Kf6 35. Rf1# 1-0

[Event "Central London Major"]
[Site "London"]
[Date "2022.11.06"]
[Round "5.15"]
[White "Ibanez, Bittor"]
[Black "Boozorginia, Zoya"]
[Result "0-1"]
[WhiteElo "1065"]
[BlackElo "1343"]
[PlyCount "54"]
[EventDate "2022.11.04"]
[EventType "swiss"]
[EventRounds "5"]
[EventCountry "ENG"]
[SourceTitle "BritBase"]
[Source "John Saunders"]
[SourceDate "2023.06.01"]
[SourceVersion "1"]
[SourceVersionDate "2023.06.01"]
[SourceQuality "1"]

1. e4 c6 2. d4 d5 3. Nc3 dxe4 4. Nxe4 Nf6 5. Nxf6+ exf6 6. Nf3 Bg4 7. h3 Bxf3
8. gxf3 Nd7 9. Bc4 c5 10. Bd5 Qa5+ 11. Bd2 Qb6 12. Bc3 Be7 13. dxc5 Nxc5 14.
Bxf7+ Kxf7 15. Qd5+ Ne6 16. O-O-O Rhd8 17. Qh5+ Kg8 18. Qg4 a5 19. Rhg1 Rxd1+
20. Rxd1 Rd8 21. Bxa5 Rxd1+ 22. Kxd1 Qd6+ 23. Bd2 Nc5 24. h4 Nd7 25. h5 Ne5 26.
Qc8+ Kf7 27. Ke2 Qa6+ {The rest of the scoresheet is illegible. The game
lasted 69 moves and ended with a result of 0-1.} 0-1

[Event "Central London Minor"]
[Site "London"]
[Date "2022.11.04"]
[Round "1.1"]
[White "Walshe, William"]
[Black "Rahman, Imran"]
[Result "1/2-1/2"]
[WhiteElo "1523"]
[BlackElo "1722"]
[PlyCount "84"]
[EventDate "2022.11.04"]
[EventType "swiss"]
[EventRounds "5"]
[EventCountry "ENG"]
[SourceTitle "BritBase"]
[Source "John Saunders"]
[SourceDate "2023.06.01"]
[SourceVersion "1"]
[SourceVersionDate "2023.06.01"]
[SourceQuality "1"]

1. d4 Nf6 2. Bf4 d5 3. Nf3 Bf5 4. e3 e6 5. Bd3 Bxd3 6. Qxd3 Nc6 7. c4 Bb4+ 8.
Nbd2 O-O 9. O-O Bxd2 10. Nxd2 Nh5 11. Bg3 Re8 12. cxd5 exd5 13. f4 Nxg3 14.
hxg3 Qd7 15. Kf2 Re7 16. Rh1 g6 17. Nf3 f6 18. Rac1 a6 19. Qb3 Na5 20. Qb4 b6
21. b3 Rae8 22. Rhe1 Nb7 23. Nd2 Nd6 24. a4 Qg4 25. Rxc7 Nf5 26. Rxe7 Rxe7 27.
Nf1 Rc7 28. Qd2 Nd6 29. Kg1 Ne4 30. Qb2 Qc8 31. Kh2 Rc2 32. Qa3 Qc3 33. Rd1
Rxg2+ 34. Kxg2 Qc2+ 35. Rd2 Nxd2 36. Nxd2 Qxd2+ 37. Kh3 Qxe3 38. Qd6 Qxd4 39.
Qd8+ Kg7 40. Qd7+ Kg8 41. Qe8+ Kg7 42. Qe7+ Kg8 1/2-1/2